Convicted But Inncocent: Wrongful conviction and Public Policy (Record no. 1308829)

MARC details
000 -LEADER
fixed length control field 00644nam a2200229Ia 4500
005 - DATE AND TIME OF LATEST TRANSACTION
control field 20250409162904.0
008 - FIXED-LENGTH DATA ELEMENTS--GENERAL INFORMATION
fixed length control field 008 250409s9999 xx 000 0 eng d
020 ## - INTERNATIONAL STANDARD BOOK NUMBER
International Standard Book Number 9780803959538
037 ## - SOURCE OF ACQUISITION
Stock number Textbook
040 ## - CATALOGING SOURCE
Original cataloging agency LCT
Language of cataloging eng
Transcribing agency LCT
041 ## - LANGUAGE CODE
Language code of text/sound track or separate title eng
Source of code eng
084 ## - COLON CLASSIFICATION NUMBER
Assigning agency LCT
100 ## - MAIN ENTRY--PERSONAL NAME
Personal name Huff, C. Ronald
9 (RLIN) 752103
245 #0 - TITLE STATEMENT
Title Convicted But Inncocent: Wrongful conviction and Public Policy
Statement of responsibility, etc. by C. Ronald Huff, Arye Rattner, Edward Sagarin
250 ## - EDITION STATEMENT
Edition statement 1st ed.
260 ## - PUBLICATION, DISTRIBUTION, ETC.
Place of publication, distribution, etc. New Delhi
Name of publisher, distributor, etc. Sage Publication
Date of publication, distribution, etc. 1996
300 ## - PHYSICAL DESCRIPTION
Extent xxiii, 180p.
365 ## - TRADE PRICE
Price type code INR
650 ## - SUBJECT ADDED ENTRY--TOPICAL TERM
Topical term or geographic name entry element Law
942 ## - ADDED ENTRY ELEMENTS (KOHA)
Koha item type Textbook
Holdings
Withdrawn status Lost status Damaged status Not for loan Home library Current library Date acquired Total Checkouts Barcode Date last seen Date last checked out Price effective from Koha item type
        Law Centre-II Library Law Centre-II Library 2025-04-09 1 LT0028701 2025-09-12 2025-09-12 2025-04-09 Textbook
Copyright @ Delhi University Library System